[Event "Medellin Cuartas Memorial B"]
[Site "Medellin"]
[Date "2011.08.06"]
[Round "6.35"]
[White "Jaramillo, Carlos Mario"]
[Black "Echavarria Zapata, Rene"]
[Result "1/2-1/2"]
[WhiteElo "1604"]
[BlackElo "1619"]
[PlyCount "51"]
[EventDate "2011.08.03"]
[EventType "swiss"]
[EventRounds "8"]
[EventCountry "COL"]
[SourceTitle "EXT 2024"]
[Source "ChessBase"]
[SourceDate "2023.10.10"]
[SourceVersion "1"]
[SourceVersionDate "2023.10.10"]
[SourceQuality "1"]

1. e4 c5 2. Nf3 d6 3. d4 cxd4 4. Nxd4 Nf6 5. Nc3 a6 6. Be2 e6 7. 0-0 Be7 8. Be3 0-0 9. Qd2 Qc7 10. Kh1 Nc6 11. f4 b5 12. a3 Bb7 13. f5 Nxd4 14. Qxd4 e5 15. Qd3 Rad8 16. Bf3 Rfe8 17. Rad1 Bf8 18. Bg5 Be7 19. Bxf6 Bxf6 20. Nd5 Bxd5 21. exd5 Rc8 22. c3 Qc4 23. Qxc4 Rxc4 24. Rfe1 g6 25. fxg6 fxg6 26. Re4 1/2-1/2